Audit as an obligatory type of the independent control over the charge and payment of taxes to the budget at the agricultural enterprises

Nutnosť zavedenia povinnej nezávislej kontroly. Prehľad typov nezávislej kontroly: externý, interný a kombinovaný audit. Problémy spojené s nemožnosťou nezávislého auditu v ukrajinských poľnohospodárskych podnikoch.

Salvato in:
Dettagli Bibliografici
Autore principale: Drachuk, V.Yu
Natura: Capitolo di libro
Lingua:inglese
Soggetti:
Tags: Aggiungi Tag
Nessun Tag, puoi essere il primo ad aggiungerne!!

MARC

LEADER 00000nla a2200000 4500
001 0228420
005 20231108100725.3
041 0 |a eng 
044 |a DE 
245 1 0 |a Audit as an obligatory type of the independent control over the charge and payment of taxes to the budget at the agricultural enterprises  |c V.Yu. Drachuk 
520 |a Nutnosť zavedenia povinnej nezávislej kontroly. Prehľad typov nezávislej kontroly: externý, interný a kombinovaný audit. Problémy spojené s nemožnosťou nezávislého auditu v ukrajinských poľnohospodárskych podnikoch. 
610 2 0 |a kontrola 
610 2 0 |a dane 
610 2 0 |a audit 
610 2 0 |a audit externý 
610 2 0 |a audit interný 
610 2 0 |a podnik poľnohospodársky 
610 2 0 |a Ukrajina 
100 1 |a Drachuk, V.Yu.